<?xml version="1.0" encoding="UTF-8"?><?xml-stylesheet type="text/xsl" href="static/style.xsl"?><OAI-PMH xmlns="http://www.openarchives.org/OAI/2.0/" xmlns:xsi="http://www.w3.org/2001/XMLSchema-instance" xsi:schemaLocation="http://www.openarchives.org/OAI/2.0/ http://www.openarchives.org/OAI/2.0/OAI-PMH.xsd"><responseDate>2026-04-13T05:50:39Z</responseDate><request verb="GetRecord" identifier="oai:www.recercat.cat:2445/209546" metadataPrefix="marc">https://recercat.cat/oai/request</request><GetRecord><record><header><identifier>oai:recercat.cat:2445/209546</identifier><datestamp>2025-11-19T20:44:03Z</datestamp><setSpec>com_2072_1057</setSpec><setSpec>col_2072_478859</setSpec><setSpec>col_2072_478917</setSpec></header><metadata><record xmlns="http://www.loc.gov/MARC21/slim" xmlns:dcterms="http://purl.org/dc/terms/" xmlns:xsi="http://www.w3.org/2001/XMLSchema-instance" xmlns:doc="http://www.lyncode.com/xoai" xsi:schemaLocation="http://www.loc.gov/MARC21/slim http://www.loc.gov/standards/marcxml/schema/MARC21slim.xsd">
   <leader>00925njm 22002777a 4500</leader>
   <datafield ind2=" " ind1=" " tag="042">
      <subfield code="a">dc</subfield>
   </datafield>
   <datafield ind2=" " ind1=" " tag="720">
      <subfield code="a">Rodríguez Planas, Núria</subfield>
      <subfield code="e">author</subfield>
   </datafield>
   <datafield ind2=" " ind1=" " tag="720">
      <subfield code="a">Secor, Alan</subfield>
      <subfield code="e">author</subfield>
   </datafield>
   <datafield ind2=" " ind1=" " tag="720">
      <subfield code="a">Balanzó Joue, Rafael de</subfield>
      <subfield code="e">author</subfield>
   </datafield>
   <datafield ind2=" " ind1=" " tag="260">
      <subfield code="c">2024-04-09T12:02:49Z</subfield>
   </datafield>
   <datafield ind2=" " ind1=" " tag="260">
      <subfield code="c">2024-04-09T12:02:49Z</subfield>
   </datafield>
   <datafield ind2=" " ind1=" " tag="260">
      <subfield code="c">2023</subfield>
   </datafield>
   <datafield ind2=" " ind1=" " tag="520">
      <subfield code="a">We conducted a randomized evaluation of a universal primary prevention intervention whose main goal was to increase the resilience of students from a large broad-access Hispanic Serving Institution and commuter urban college. In a 90-minute workshop, students were: introduced to the resilient-thinking approach, which offers conceptual tools to cope with unexpected negative shocks; worked individually and in groups to identify challenges in their community; and brainstormed strategies to address them. We find that the intervention increased by 5 percent of a standard deviation the short-run resilience of the average student. Importantly, the intention-to-treat effects were larger for students with lower levels of baseline resilience. The intervention was most effective among students with weaker individual protective factors at baseline (the most vulnerable students, those with lower resilience, and with higher mental health problems), and for those with stronger community protective factors, suggesting that individual and community factors mediate differently within this intervention. The intervention effects on students’ resilience persisted over time. These effects were mostly driven by an improvement in students’ collaboration (i.e., maintenance and formation of support networks and personal relationships), and vision (i.e., sense of purpose and belief in an ability to define, clarify, and achieve goals). We find no effects on educational performance the semester of the intervention or the following one, nor on depression and anxiety the following semester.</subfield>
   </datafield>
   <datafield tag="653" ind2=" " ind1=" ">
      <subfield code="a">Resiliència</subfield>
   </datafield>
   <datafield tag="653" ind2=" " ind1=" ">
      <subfield code="a">Estudiants universitaris</subfield>
   </datafield>
   <datafield tag="653" ind2=" " ind1=" ">
      <subfield code="a">Integració social</subfield>
   </datafield>
   <datafield tag="653" ind2=" " ind1=" ">
      <subfield code="a">Resilience</subfield>
   </datafield>
   <datafield tag="653" ind2=" " ind1=" ">
      <subfield code="a">College students</subfield>
   </datafield>
   <datafield tag="653" ind2=" " ind1=" ">
      <subfield code="a">Social Integration</subfield>
   </datafield>
   <datafield ind2="0" ind1="0" tag="245">
      <subfield code="a">Resilience-Thinking Training for College Students: Evidence from a Randomized Trial</subfield>
   </datafield>
</record></metadata></record></GetRecord></OAI-PMH>